000
00315nam a2200133Ia 4500
008
151001s9999||||xx |||||||||||||| ||und||
100
_a
व ह पिटके
245
_a
शिदोरी
250
_a
1
260
_b
पुणे प्रकाशन
260
_c
1969
300
_a
158
365
_b
8.5
999
_c
954593
_d
954590